000 00311nam a22001217a 4500
008 181018b xxu||||| |||| 00| 0 eng d
041 _aeng
080 _a612.39
100 _a10
101 _aNUT
245 _aAHD, a Food-Induced Hypersentivity Syndrome: in Quest of a Cause
_cPelsser, L.M.J
942 _2udc
_cBK
999 _c50121
_d50121